El verdadero cuento del tio sam /
Guardado en:
| Autor Principal: | |
|---|---|
| Formato: | Libro |
| Publicado: |
Buenos Aires :
Schapire,
1973
|
| Materias: | |
| Etiquetas: |
Agregar Etiqueta
Sin Etiquetas, Sea el primero en etiquetar este registro!
|
| LEADER | 00636nam a22002055a 4500 | ||
|---|---|---|---|
| 001 | EHU.bham024488 | ||
| 003 | AR-BHAM | ||
| 005 | 20130507150524.0 | ||
| 008 | 130507s1973##################000#0#####d | ||
| 082 | A | 8 | |a 863.4 |
| 100 | 1 | |a Martinez Estrada, Ezequiel | |
| 245 | 1 | 0 | |a El verdadero cuento del tio sam / |c Ezequiel Martinez Estrada |
| 260 | |a Buenos Aires : |b Schapire, |c 1973 | ||
| 300 | |a 120 p. | ||
| 500 | |a Dibujos De Sine | ||
| 653 | |a Donacion lejarraga | ||
| 653 | |a Novela argentina | ||
| 653 | |a Literatura argentina-1911- | ||
| 653 | |a Novela argentina-1911- | ||
| 859 | |a AR-BHAM |b BIB. HUMANIDADES - General |h A863.4 |i M366-10 |k A |p 262.02 |t Ej.1 | ||
